00701nab a2200181 uc450000100070000000500170000700800410002403500110006503500210007604000130009704100080011010000420011824501140016065000220027465000380029665000360033477301490037040932620251218100840.0990519e19971201 spa  a409326 a(OCoLC)819781646 ccomduadb aspa10aDíaz González, Federico4auteaut10aReflexiones sobre las actitudes del medico en la consulta de pacientes con enfermedades de transmision sexual aActitud sanitaria 7aRelaciones médico-paciente2dcs 7aEnfermedades transmisibles2dcs0 tIatreia : Revista Médica Universidad de Antioquia (Medellín)gVolumen 10, Número 04, Diciembre 1997, p. 137-143w318124x0121-07930105489